Statistics for Taylor Swift lyrics

Click here to take the quiz!

General Stats

  • This quiz has been taken 2,242 times
    (2,237 since last reset)
  • The average score is 7 of 18

Answer Stats

HintAnswer% Correct
she wears ________ i wear tee-shirtsshort skirts
85%
I see your _______ in my mind as i drive awayface
64%
our song is a _____________, sneaking out late tapping on your windowslamming screen door
61%
So i sneak out to the _______ to see yougarden
56%
I like the way you sound in the morning, We're on the phone and without a _________warning
49%
She took him faster than you could say __________sabotage
49%
I'll meet you when i'm out of my _______ at the back doortux
41%
the one we danced to all night long, the moon like a _________ on the lakespotlight
40%
He loves to argue, born on the ______seventeenth
38%
I lived in your __________ but you changed the rules everydaychess game
32%
Drew _________ me, can he tell that i can't breathewalks by
31%
These walls that they put up to hold us back _________fell down
24%
X is the shape i drew through your face in __________Permanent Marker
23%
Wake up and smell the _________, fix my heart, put on my make-upbreakup
20%
Tall, dark and beautiful, he's complicated, he's ________irrational
17%
It's _______ feeling like i just lost a friendtwo a.m
17%
I could be your favorite ________ with the holes in the knees in the bottom of your top drawerblue jeans
13%
I don't wanna lose _______your face
4%

Score Distribution

Percentile by Number Answered

Percent of People with Each Score

Your Score History

You have not taken this quiz since the last reset